Консольный сервер MOXA CN-2510: применение для телекоммуникационных департаментов; Промышленные АСУ и контроллеры; № 10

Detaylı Bibliyografya
Parent link:Промышленные АСУ и контроллеры: ежемесячный научно-технический производственный журнал.— , 2002-
№ 10.— 2004.— С. 17
Dil:Rusça
Baskı/Yayın Bilgisi: 2004
Seri Bilgileri:Новости системостроения
Konular:
Materyal Türü: Kitap Bölümü
KOHA link:https://koha.lib.tpu.ru/cgi-bin/koha/opac-detail.pl?biblionumber=394405

MARC

LEADER 00000naa2a2200000 4500
001 394405
005 20231101064512.0
035 |a (RuTPU)RU\TPU\prd\31129 
090 |a 394405 
100 |a 20041217a2004 k y0rusy50 ca 
101 0 |a rus 
102 |a RU 
200 1 |a Консольный сервер MOXA CN-2510: применение для телекоммуникационных департаментов 
225 1 |a Новости системостроения 
320 |a Библиогр.: назв. 
461 1 |0 (RuTPU)RU\TPU\prd\2287  |t Промышленные АСУ и контроллеры  |o ежемесячный научно-технический производственный журнал  |d 2002- 
463 1 |0 (RuTPU)RU\TPU\prd\29682  |t № 10  |v С. 17  |d 2004 
610 1 |a телекоммуникации 
610 1 |a консольные порты 
610 1 |a телекоммуникационные устройства 
610 1 |a мультипортовые платы 
801 1 |a RU  |b 63413507  |c 20041217  |g PSBO 
942 |c BK